BAT数据中心在哪里?Where are the BAT data centers? - Statistics

General Stats
  • This quiz has been taken 8 times
  • The average score is 44 of 150
Answer Stats
Question Tile Select % Correct
阿里巴巴提供云服务的国内数据中心所在位置(14个) 上海 Yes
86%
阿里巴巴提供云服务的国内数据中心所在位置(14个) 宁波 No
86%
阿里巴巴提供云服务的国内数据中心所在位置(14个) 广州 Yes
86%
阿里巴巴提供云服务的国内数据中心所在位置(14个) 深圳 Yes
86%
阿里巴巴提供云服务的国内数据中心所在位置(14个) 保定 No
86%
阿里巴巴提供云服务的国内数据中心所在位置(14个) 青岛 Yes
86%
阿里巴巴提供云服务的国内数据中心所在位置(14个) 武汉 Yes
86%
阿里巴巴提供云服务的国内数据中心所在位置(14个) 杭州 Yes
86%
阿里巴巴提供云服务的国内数据中心所在位置(14个) 石家庄 No
86%
阿里巴巴提供云服务的国内数据中心所在位置(14个) 北京 Yes
71%
阿里巴巴提供云服务的国内数据中心所在位置(14个) 成都 Yes
71%
阿里巴巴提供云服务的国内数据中心所在位置(14个) 佛山 No
71%
阿里巴巴提供云服务的国内数据中心所在位置(14个) 长沙 No
57%
阿里巴巴提供云服务的国内数据中心所在位置(14个) 天津 No
57%
阿里巴巴提供云服务的国内数据中心所在位置(14个) 承德 No
57%
阿里巴巴提供云服务的国内数据中心所在位置(14个) 乌兰察布 Yes
43%
阿里巴巴提供云服务的国内数据中心所在位置(14个) 重庆 No
43%
阿里巴巴提供云服务的国内数据中心所在位置(14个) 清远 No
43%
阿里巴巴提供云服务的国内数据中心所在位置(14个) 合肥 No
43%
阿里巴巴提供云服务的国内数据中心所在位置(14个) 河源 Yes
43%
阿里巴巴提供云服务的国内数据中心所在位置(14个) 福州 Yes
43%
腾讯提供云服务的国内数据中心所在位置(8个) 保定 No
43%
腾讯提供云服务的国内数据中心所在位置(8个) 宁波 No
43%
腾讯提供云服务的国内数据中心所在位置(8个) 深圳 Yes
43%
腾讯提供云服务的国内数据中心所在位置(8个) 张家口 No
43%
腾讯提供云服务的国内数据中心所在位置(8个) 呼和浩特 No
43%
腾讯提供云服务的国内数据中心所在位置(8个) 合肥 No
43%
腾讯提供云服务的国内数据中心所在位置(8个) 福州 No
43%
腾讯提供云服务的国内数据中心所在位置(8个) 承德 No
43%
百度提供云服务的国内数据中心所在位置(6个) 北京 Yes
43%
百度提供云服务的国内数据中心所在位置(6个) 宁波 No
43%
百度提供云服务的国内数据中心所在位置(6个) 成都 No
43%
百度提供云服务的国内数据中心所在位置(6个) 佛山 No
43%
百度提供云服务的国内数据中心所在位置(6个) 深圳 No
43%
百度提供云服务的国内数据中心所在位置(6个) 清远 No
43%
百度提供云服务的国内数据中心所在位置(6个) 青岛 No
43%
百度提供云服务的国内数据中心所在位置(6个) 杭州 No
43%
百度提供云服务的国内数据中心所在位置(6个) 河源 No
43%
百度提供云服务的国内数据中心所在位置(6个) 福州 No
43%
阿里巴巴提供云服务的国内数据中心所在位置(14个) 南京 Yes
29%
阿里巴巴提供云服务的国内数据中心所在位置(14个) 苏州 No
29%
阿里巴巴提供云服务的国内数据中心所在位置(14个) 张家口 Yes
29%
阿里巴巴提供云服务的国内数据中心所在位置(14个) 呼和浩特 Yes
29%
腾讯提供云服务的国内数据中心所在位置(8个) 北京 Yes
29%
腾讯提供云服务的国内数据中心所在位置(8个) 上海 Yes
29%
腾讯提供云服务的国内数据中心所在位置(8个) 成都 Yes
29%
腾讯提供云服务的国内数据中心所在位置(8个) 广州 Yes
29%
腾讯提供云服务的国内数据中心所在位置(8个) 佛山 No
29%
腾讯提供云服务的国内数据中心所在位置(8个) 天津 No
29%
腾讯提供云服务的国内数据中心所在位置(8个) 武汉 No
29%
腾讯提供云服务的国内数据中心所在位置(8个) 长沙 No
29%
腾讯提供云服务的国内数据中心所在位置(8个) 青岛 No
29%
腾讯提供云服务的国内数据中心所在位置(8个) 乌兰察布 No
29%
腾讯提供云服务的国内数据中心所在位置(8个) 杭州 No
29%
腾讯提供云服务的国内数据中心所在位置(8个) 河源 No
29%
腾讯提供云服务的国内数据中心所在位置(8个) 石家庄 No
29%
百度提供云服务的国内数据中心所在位置(6个) 上海 Yes
29%
百度提供云服务的国内数据中心所在位置(6个) 南京 No
29%
百度提供云服务的国内数据中心所在位置(6个) 重庆 No
29%
百度提供云服务的国内数据中心所在位置(6个) 广州 Yes
29%
百度提供云服务的国内数据中心所在位置(6个) 天津 No
29%
百度提供云服务的国内数据中心所在位置(6个) 长沙 No
29%
百度提供云服务的国内数据中心所在位置(6个) 张家口 No
29%
百度提供云服务的国内数据中心所在位置(6个) 呼和浩特 No
29%
百度提供云服务的国内数据中心所在位置(6个) 乌兰察布 No
29%
百度提供云服务的国内数据中心所在位置(6个) 合肥 No
29%
百度提供云服务的国内数据中心所在位置(6个) 石家庄 No
29%
百度提供云服务的国内数据中心所在位置(6个) 承德 No
29%
阿里巴巴提供云服务的国际数据中心所在位置(15个) 香港 Yes
29%
阿里巴巴提供云服务的国际数据中心所在位置(15个) 伦敦 Yes
29%
阿里巴巴提供云服务的国际数据中心所在位置(15个) 迪拜 Yes
29%
阿里巴巴提供云服务的国际数据中心所在位置(15个) 旧金山 Yes
29%
阿里巴巴提供云服务的国际数据中心所在位置(15个) 新加坡 Yes
29%
阿里巴巴提供云服务的国际数据中心所在位置(15个) 雅加达 Yes
29%
阿里巴巴提供云服务的国际数据中心所在位置(15个) 米兰 No
29%
阿里巴巴提供云服务的国际数据中心所在位置(15个) 芝加哥 No
29%
腾讯提供云服务的国际数据中心所在位置(10个) 香港 Yes
29%
腾讯提供云服务的国际数据中心所在位置(10个) 利雅得 No
29%
腾讯提供云服务的国际数据中心所在位置(10个) 首尔 Yes
29%
腾讯提供云服务的国际数据中心所在位置(10个) 克雷塔罗 No
29%
腾讯提供云服务的国际数据中心所在位置(10个) 芝加哥 No
29%
腾讯提供云服务的国际数据中心所在位置(10个) 孟买 No
29%
百度提供云服务的国际数据中心所在位置(2个) 迪拜 No
29%
百度提供云服务的国际数据中心所在位置(2个) 法兰克福 No
29%
百度提供云服务的国际数据中心所在位置(2个) 圣保罗 No
29%
百度提供云服务的国际数据中心所在位置(2个) 利雅得 No
29%
百度提供云服务的国际数据中心所在位置(2个) 华盛顿 No
29%
百度提供云服务的国际数据中心所在位置(2个) 旧金山 No
29%
百度提供云服务的国际数据中心所在位置(2个) 东京 No
29%
百度提供云服务的国际数据中心所在位置(2个) 首尔 No
29%
百度提供云服务的国际数据中心所在位置(2个) 吉隆坡 No
29%
百度提供云服务的国际数据中心所在位置(2个) 雅加达 No
29%
百度提供云服务的国际数据中心所在位置(2个) 马尼拉 No
29%
百度提供云服务的国际数据中心所在位置(2个) 多伦多 No
29%
百度提供云服务的国际数据中心所在位置(2个) 巴黎 No
29%
百度提供云服务的国际数据中心所在位置(2个) 米兰 No
29%
百度提供云服务的国际数据中心所在位置(2个) 马德里 No
29%
百度提供云服务的国际数据中心所在位置(2个) 芝加哥 No
29%
百度提供云服务的国际数据中心所在位置(2个) 孟买 No
29%
百度提供云服务的国际数据中心所在位置(2个) 莫斯科 No
29%
百度提供云服务的国际数据中心所在位置(2个) 开普敦 No
29%
腾讯提供云服务的国内数据中心所在位置(8个) 南京 Yes
14%
腾讯提供云服务的国内数据中心所在位置(8个) 重庆 Yes
14%
腾讯提供云服务的国内数据中心所在位置(8个) 苏州 No
14%
百度提供云服务的国内数据中心所在位置(6个) 苏州 Yes
14%
百度提供云服务的国内数据中心所在位置(6个) 武汉 Yes
14%
阿里巴巴提供云服务的国际数据中心所在位置(15个) 法兰克福 Yes
14%
阿里巴巴提供云服务的国际数据中心所在位置(15个) 圣保罗 No
14%
阿里巴巴提供云服务的国际数据中心所在位置(15个) 利雅得 Yes
14%
阿里巴巴提供云服务的国际数据中心所在位置(15个) 东京 Yes
14%
阿里巴巴提供云服务的国际数据中心所在位置(15个) 首尔 Yes
14%
阿里巴巴提供云服务的国际数据中心所在位置(15个) 曼谷 Yes
14%
阿里巴巴提供云服务的国际数据中心所在位置(15个) 马尼拉 Yes
14%
阿里巴巴提供云服务的国际数据中心所在位置(15个) 克雷塔罗 Yes
14%
阿里巴巴提供云服务的国际数据中心所在位置(15个) 多伦多 No
14%
阿里巴巴提供云服务的国际数据中心所在位置(15个) 巴黎 No
14%
阿里巴巴提供云服务的国际数据中心所在位置(15个) 马德里 No
14%
阿里巴巴提供云服务的国际数据中心所在位置(15个) 孟买 No
14%
阿里巴巴提供云服务的国际数据中心所在位置(15个) 开普敦 No
14%
腾讯提供云服务的国际数据中心所在位置(10个) 伦敦 No
14%
腾讯提供云服务的国际数据中心所在位置(10个) 迪拜 No
14%
腾讯提供云服务的国际数据中心所在位置(10个) 东京 Yes
14%
腾讯提供云服务的国际数据中心所在位置(10个) 曼谷 Yes
14%
腾讯提供云服务的国际数据中心所在位置(10个) 新加坡 Yes
14%
腾讯提供云服务的国际数据中心所在位置(10个) 纽约 No
14%
腾讯提供云服务的国际数据中心所在位置(10个) 马尼拉 No
14%
腾讯提供云服务的国际数据中心所在位置(10个) 多伦多 No
14%
腾讯提供云服务的国际数据中心所在位置(10个) 米兰 No
14%
腾讯提供云服务的国际数据中心所在位置(10个) 马德里 No
14%
腾讯提供云服务的国际数据中心所在位置(10个) 莫斯科 No
14%
腾讯提供云服务的国际数据中心所在位置(10个) 开普敦 No
14%
百度提供云服务的国际数据中心所在位置(2个) 伦敦 No
14%
百度提供云服务的国际数据中心所在位置(2个) 曼谷 No
14%
百度提供云服务的国际数据中心所在位置(2个) 纽约 No
14%
百度提供云服务的国际数据中心所在位置(2个) 克雷塔罗 No
14%
腾讯提供云服务的国内数据中心所在位置(8个) 清远 Yes
0%
百度提供云服务的国内数据中心所在位置(6个) 保定 Yes
0%
阿里巴巴提供云服务的国际数据中心所在位置(15个) 华盛顿 Yes
0%
阿里巴巴提供云服务的国际数据中心所在位置(15个) 吉隆坡 Yes
0%
阿里巴巴提供云服务的国际数据中心所在位置(15个) 纽约 No
0%
阿里巴巴提供云服务的国际数据中心所在位置(15个) 莫斯科 No
0%
腾讯提供云服务的国际数据中心所在位置(10个) 法兰克福 Yes
0%
腾讯提供云服务的国际数据中心所在位置(10个) 圣保罗 Yes
0%
腾讯提供云服务的国际数据中心所在位置(10个) 华盛顿 Yes
0%
腾讯提供云服务的国际数据中心所在位置(10个) 旧金山 Yes
0%
腾讯提供云服务的国际数据中心所在位置(10个) 吉隆坡 No
0%
腾讯提供云服务的国际数据中心所在位置(10个) 雅加达 Yes
0%
腾讯提供云服务的国际数据中心所在位置(10个) 巴黎 No
0%
百度提供云服务的国际数据中心所在位置(2个) 香港 Yes
0%
百度提供云服务的国际数据中心所在位置(2个) 新加坡 Yes
0%
No matching quizzes found
Score Distribution
Percent of People with Each Score
Percentile by Number Answered
Your Score History
You have not taken this quiz